书目信息 |
| 题名: |
伯里曼人体结构绘画教学
|
|
| 作者: | 乔治·伯里曼 著 | |
| 分册: | ||
| 出版信息: | 广西美术出版社 2002.01 |
|
| 页数: | 341页 | |
| 开本: | 20cm | |
| 丛书名: | ||
| 单 册: | ||
| 中图分类: | J206.4 | |
| 科图分类: | ||
| 主题词: | 绘画理论 | |
| 电子资源: | ||
| ISBN: | 978-7-80674-065-1 | |
| 000 | 00586nam0 2200205 45 | |
| 001 | 0961318188 | |
| 005 | 20160112110543.59 | |
| 010 | @a978-7-80674-065-1@dCNY65.00 | |
| 100 | @a20090515d2002 ekmy0 y0120 ea | |
| 102 | @aCN@b130000 | |
| 105 | @ay z 000yy | |
| 200 | 1 | @a伯里曼人体结构绘画教学@f(美)乔治·伯里曼 著@F(mei)qiao zhi·bo li man zhu |
| 210 | @c广西美术出版社@d2002.01 | |
| 215 | @a341页@d20cm | |
| 606 | 0 | @a绘画理论 |
| 690 | @aJ206.4@v4 | |
| 701 | 0 | @a乔治·伯里曼@Aqiao zhi·bo li man@4著 |
| 801 | 0 | @aCN@c20091017 |
| 905 | @a10447@dJ206.4@eQ340 | |
| 906 | @d65@n3@r1 | |
| 伯里曼人体结构绘画教学/(美)乔治·伯里曼 著.-广西美术出版社,2002.01 |
| 341页;20cm |
| ISBN 978-7-80674-065-1:CNY65.00 |
| ● |
| 相关链接 |
|
|
|
正题名:伯里曼人体结构绘画教学
索取号:J206.4/Q340
 
预约/预借
| 序号 | 登录号 | 条形码 | 馆藏地/架位号 | 状态 | 备注 |
| 1 | 1235587 | 212355878 | 社科库309/309社科库 67排3列5层/ [索取号:J206.4/Q340] | 在馆 | |
| 2 | 895299 | 208952999 | 社科库309/309社科库 67排3列5层/ [索取号:J206.4/Q340] | 在馆 | |
| 3 | 895300 | 208953006 | 自科二线404/309社科库 67排4列2层/ [索取号:J206.4/Q340] | 在馆 | |
| 4 | 895301 | 208953015 | 社科库309/309社科库 67排3列5层/ [索取号:J206.4/Q340] | 在馆 |